LEADER 01108nam0-22003851i-450- 001 990004560330403321 005 20141022085425.0 035 $a000456033 035 $aFED01000456033 035 $a(Aleph)000456033FED01 035 $a000456033 100 $a19990604d1948----km-y0itay50------ba 101 0 $afre 102 $aFR 105 $ay-------001yy 200 1 $a<>civilisation Arabe en Spagne$evue générale$fE. Lévi-Provençal 205 $aNouvelle édition 210 $aParis$cG.P. Maisonneuve$d1948 215 $a206 p.$d20 cm 225 1 $aIslam d'hier et d'aujourd'hui$v1 610 0 $aSpagna$aStoria$aDominazione islamica 610 0 $aCiviltà musulmana - Spagna 676 $a320.557 676 $a909.4927 676 $a946 700 1$aLévi-Provençal,$bÉvariste$f<1894-1956>$0395380 801 0$aIT$bUNINA$gRICA$2UNIMARC 901 $aBK 912 $a990004560330403321 952 $aBIB. BAT.1962$b1214$fBAT 952 $a946 LEV 1$bBibl. 22403$fFLFBC 959 $aBAT 959 $aFLFBC 996 $aCivilisation Arabe en Spagne$9548957 997 $aUNINA LEADER 01588nas 2200421-a 450 001 996207248003316 005 20240413023923.0 035 $a(CKB)110978984565487 035 $a(CONSER)---97659160- 035 $a(EXLCZ)99110978984565487 100 $a19950721a19959999 --- a 101 0 $aeng 181 $ctxt$2rdacontent 182 $cc$2rdamedia 183 $acr$2rdacarrier 200 00$aJournal of deferred compensation $enonqualified plans and executive compensation 210 $aNew York, NY $cPanel Publishers 215 $a1 online resource 300 $aRefereed/Peer-reviewed 311 08$aPrint version: Journal of deferred compensation : 1083-6276 (DLC) 97659160 (OCoLC)32850799 531 $aJOURNAL OF DEFERRED COMPENSATION NONQUALIFIED PLANS AND EXECUTIVE COMPENSATION 531 0 $aJ. deferred compens. 606 $aDeferred compensation$xLaw and legislation$zUnited States$vPeriodicals 606 $aDeferred compensation$zUnited States$vPeriodicals 606 $aDeferred compensation$2fast$3(OCoLC)fst00889700 606 $aDeferred compensation$xLaw and legislation$2fast$3(OCoLC)fst00889703 607 $aUnited States$2fast 608 $aPeriodicals.$2fast 615 0$aDeferred compensation$xLaw and legislation 615 0$aDeferred compensation 615 7$aDeferred compensation. 615 7$aDeferred compensation$xLaw and legislation. 676 $a344.7301/252 906 $aJOURNAL 912 $a996207248003316 920 $aexl_impl conversion 996 $aJournal of deferred compensation$92368429 997 $aUNISA